| 000 | 00840cab a2200253 4500 | ||
|---|---|---|---|
| 001 | ABS46744 | ||
| 008 | 090401t1992 xxu||||| |||| 00| 0 eng d | ||
| 035 | _a(Sirsi) u59406 | ||
| 041 | _aeng | ||
| 100 | _aSieracki, K. | ||
| 245 | _aRole of property | ||
| 260 | _c1992 | ||
| 350 | _a0 | ||
| 490 |
_aEstates Gazette _v(9229) 25 July 1992, 113-114(2) |
||
| 520 | _aDiscusses the role of property in pension funds investment strategy. Identifies three levels of investment strategy : strategic asset allocation, tactical asset allocation and fund management. | ||
| 650 | _aFUND MANAGEMENT | ||
| 650 | _aINVESTMENT STRATEGY | ||
| 650 | _aPENSION FUNDS | ||
| 650 | _aSTRATEGIC ASSET ALLOCATION | ||
| 650 | _aTACTICAL ASSET ALLOCATION | ||
| 690 | _aPROPERTY-PROPERTY FINANCE AND INVESTMENT | ||
| 942 | _n0 | ||
| 948 | _c04/03/1997 | ||
| 999 |
_c36451 _d36451 |
||